00461as aa2200121a 44500090002000000245003100020260007300051310001400124041001300138942001200151999001700163952015900180 aSERIADASb0166010aBulletin of Marine Science bProsenstiel School of Marine and Atmospheric ScienceaEstados Unidos aIRREGULAR0 aInglés cREVISTA c17421d17421 001040708HEMEROTECAA2006B79C2IINV2017aVillabVillad2009-05-21l0oSERIADAS 01660p027018r2015-03-25 00:00:00t1w2015-03-25xDonaciónyREVISTA